Taylor Swift- Wildest Dreams (Taylor's Version) (All Lyrics) - Statistics

General Stats
  • This quiz has been taken 765 times
  • The average score is 308 of 361
Answer Stats
Lyrics % Correct
a
99%
I
99%
you
98%
(You)
98%
in
97%
In
97%
me
97%
dreams,
96%
the
96%
Wildest
96%
wildest
96%
it
95%
(It)
95%
and
94%
And
94%
Say
94%
do"
92%
ha
92%
(Ha,
92%
ha)
92%
He
92%
he
92%
see
92%
to
92%
you'll
92%
You'll
92%
your
92%
dress
91%
remember
91%
dress
90%
so
90%
"No
89%
this
89%
we
89%
at
88%
get
88%
is
88%
My
88%
my
88%
said,
88%
Standin'
88%
Standing
88%
sunset,
88%
But
87%
but
87%
Even
87%
hands
87%
if
87%
lips
87%
of
87%
out
87%
Red
87%
as
86%
hell
86%
it's
86%
nice
86%
rosy
86%
Starin'
86%
babe
85%
bad,
85%
cheeks
85%
does
85%
down
85%
(Down)
85%
handsome
85%
He's
85%
just
85%
(Just
85%
last
85%
"Let's
85%
tall
85%
town
85%
well
85%
again
83%
can
83%
city,
83%
now"
83%
now
83%
forever
82%
ah,
81%
ah
81%
(Ah-
81%
ah)
81%
from
81%
Nothin'
81%
one
81%
away
80%
what
79%
are
78%
know
78%
lasts
78%
His
77%
his
77%
Drive
76%
when
76%
good
75%
has
75%
room
74%
all
73%
end
73%
gettin'
73%
hair,
73%
take
73%
clothes
72%
gonna
72%
night
72%
request
72%
help
70%
Nothing
70%
can't
69%
kiss
69%
sound
69%
voice
69%
begins
68%
familiar
68%
"Heaven
68%
crowds"
67%
around
66%
(Around)
66%
around)
66%
very
66%
Burnin'
65%
(Burnin')
65%
memories
65%
our
65%
up
65%
with
64%
Follow
63%
(Follow)
63%
(Follow
63%
condition
62%
had
61%
these
61%
Someday,
60%
thought,
60%
Tangled
59%
bet
58%
leave
57%
hindsight
56%
pretend
50%
pretend,
50%
pretend)
50%
we've
45%
No matching quizzes found
Score Distribution
Percent of People with Each Score
Percentile by Number Answered
Your Score History
You have not taken this quiz